| 000 | 00929cam a2200229 4500 | ||
|---|---|---|---|
| 001 | 1114 | ||
| 005 | 20181127162707.0 | ||
| 008 | 821015s1980 nyu 000 1 eng d | ||
| 010 | _a 00515168 | ||
| 020 | _a0451514076 (pbk.) | ||
| 100 | 1 |
_aTwain, Mark, _d1835-1910. |
|
| 245 | 1 | 4 |
_aThe prince and the pauper : _ba tale for young people of all ages / _cMark Twain ; with an afterword by Kenneth S. Lynn. |
| 260 |
_aNew York : _bNew American Library, _c1964. |
||
| 300 |
_a224 p. ; _c18 cm. |
||
| 500 | _a""A Signet classic."" | ||
| 500 | _a""Revised and updated bibliography."" | ||
| 504 | _aBibliography: p. 221-223. | ||
| 590 | _aElectronic copy available on RTC Cloud in "Library" folder | ||
| 600 |
_aEdward VI, King of England, 1537-1553 --Fiction. _b _c _d _e _f _k _l _m _n _o _p _q _r _s _t _v _x _y _z _2 |
||
| 650 |
_aMistaken identity _vFiction. _x _y _z _2 |
||
| 651 |
_aGreat Britain --History --Edward VI, 1547-1553 --Fiction. _v _x _y _z _2 |
||
| 999 |
_c775 _d775 |
||